Inovácie výrobkov v IT priemysle

Miery novosti výrobkových inovácií a ich vplyv na zisk generovaný uvedením nových produktov na trh. Vplyv technologických zmien na inovácie a výrobkové stratégie. Úspešnosť stratégií disruptívnych inovácií a stratégií spojitých, pretrvávajúcich inovácií vzhľadom na okolnosti autorka načrtáva na prík...

Description complète

Enregistré dans:
Détails bibliographiques
Auteur principal: Knošková, Ľubica, 1965-
Format: Chapitre de livre
Langue:slovaque
Sujets:
Tags: Ajouter un tag
Pas de tags, Soyez le premier à ajouter un tag!

MARC

LEADER 00000naa$a2200000$$$4500
001 0103120
005 20240523124353.0
041 0 |a slo 
044 |a SK 
245 1 0 |a Inovácie výrobkov v IT priemysle  |c Ľubica Knošková 
520 |a Miery novosti výrobkových inovácií a ich vplyv na zisk generovaný uvedením nových produktov na trh. Vplyv technologických zmien na inovácie a výrobkové stratégie. Úspešnosť stratégií disruptívnych inovácií a stratégií spojitých, pretrvávajúcich inovácií vzhľadom na okolnosti autorka načrtáva na príklade analýzy inovácií produktov v IT. Skúma výhody chránenej, uzatvorenej architektúry produktu a modulárnej architektúry. 
610 2 0 |a inovácia 
610 2 0 |a inovácia výrobkov 
610 2 0 |a technológie informačné 
610 2 0 |a zisk 
100 1 |a Knošková, Ľubica, 1965-